000 00851cab a2200277 4500
001 WB2931-77
008 090401t1993 xxu||||| |||| 00| 0 eng d
035 _a(Sirsi) u6092
041 _aeng
245 _aHush-hour in the City
260 _c1993
350 _a0
490 _aDaily Telegraph
_v16 August 1993, 5(1)
520 _aReports on the effects the security cordon around the City of London have had on traffic control and the environment. Details possible future security measures such as more stop-and-search and bomb-proof litter bins.
650 _aBOMBS
650 _aCITY OF LONDON
650 _aEXCLUSION ZONE
650 _aIRA
650 _aSECURITY CORDON
650 _aSECURITY
650 _aTERRORISM
650 _aTRAFFIC CONTROL
690 _aTRANSPORT AND COMMUNICATIONS
942 _n0
948 _c04/03/1997
999 _c3655
_d3655